000 00811nam a2200217 u 4500
001 000003738
005 20200929150542.0
008 090713s2007 dr r 000 0 spa d
040 _aDO-SdBNP
_bspa
_cBNPHU
082 _axxx
100 1 _aAzagra Ros, Joaquín
_911378
245 1 0 _aActividad y territorio :
_bun siglo de cambios /
_cJoaquín Azagra Ros; Pilar Chorén Rodríqguez; dirigido por Francisco J. Goerlich Gisbert y Matilde Mas Ivars.
260 _aBilbao :
_bFundación BBVA,.
300 _a3336p. :
_bil. ;
_c24 cm.
500 _aIncluye índice
500 _aIncluye notas sbre los autores
500 _aIncluye notasal pie de páginas
700 0 _aChorén Rodríguez, Pilar
_911379
700 0 _aGoerlich Gisbert, Francisco J.
_edirigido
_911380
700 0 _aMas Ivars, Matilde
_edirigido
_911381
999 _c3560
_d3560